000 00581cam a22002053a 4500
001 37973
003 PGUSA
005 20140828083832.0
008 111110s2011||||xxu|||||s|||||000 | eng d
040 _aPGUSA
_beng
042 _adc
100 1 _aCholmondeley, Mary,
_d1859-1925
245 1 0 _aDiana Tempest, Volume I
_h[electronic resource] /
_cMary Cholmondeley
260 _bProject Gutenberg,
_c2011
506 _aPublic domain in the USA.
516 _aElectronic text
830 0 _aProject Gutenberg
_v37973
856 4 0 _uhttp://www.gutenberg.org/ebooks/37973
942 _cEB
999 _c267227
_d267227